000 00819nam a2200229 a 4500
001 47856
003 BD-RjUL
005 20211209054416.0
008 160810s1997 ii ||||| |||| 00| 0 ben d
020 _a8186036326
_c: Tk. 100.00
035 _a(BD-RjUL)47975
040 _aBD-RjUL
_bben
_cBD-RjUL
041 _aben
082 _223
_a781.62
_bPUR 1997
245 0 0 _aপূর্ব বাংলার লোক সংগীত /
260 _aকলিকাতা
_bঅপর্ণা বুক ডিস্ট্রিবিউটার্স,
_c১৯৯৭
300 _a১৫২ পৃ. ;
_c২৩ সেমি.
650 _aলোক সংগীত
_9145265
650 _aFolk music
_9145266
700 _aচৌধুরী, দিনেন্দ্র, সম্পাদক
_9145267
942 _2ddc
_cBK
999 _c47856
_d47856